Villes de France en S (difficile) - Statistiques

Statistiques générales
  • Ce quiz a été pris 66 fois
    56 depuis la dernière actualisation
  • Le résultat moyen est 9 sur 20
Statistiques - réponses
Hint Réponse % Correct
Départ et arrivée d'une célèbre course de voile en solitaire consistant en un tour du globe (Les ___) Les Sables d'Olonne
82%
Cité sarthoise de François Fillon Sablé-sur-Sarthe
78%
Georges Brassens avait écrit une supplique pour être enterré sur sa plage Sète
76%
Capitale primitive mérovingienne du Royaume de France Soissons
69%
Port des constructions navales et industrielles de la Méditerranée, jadis surnommé « La Mecque ». (La ___) La Seyne-sur-Mer
59%
Cité de l'Anjou sur la Loire, surplombée par son château Saumur
59%
Il faut bien dire que son nom curieux n'aide pas à sauver cet important nœud ferroviaire de sa réputation de ville paumée dans la Creuse profonde (La ___) La Souterraine
51%
Ville mosellane réputée pour sa faïence, limitrophe du plus français des Länder allemands Sarreguemines
47%
Les vignes de ce village au sud de Bordeaux donnent un vin blanc liquoreux célèbre, dont le Château d'Yquem est un premier cru Sauternes
47%
Elle est surnommée « la plus corse des villes corses » Sartène
43%
Autre cité royale et épiscopale, pas très loin de la précédente Senlis
43%
La perle de Haute-Provence, sur la Durance, surplombée par sa majestueuse citadelle médiévale Sisteron
43%
Ville d'Alsace qui eut un grand essor pendant la Renaissance, et qui abrite une Bibliothèque humaniste réputée dans toute l'Europe Sélestat
39%
Vignoble réputé du Berry, à la frontière avec le Nivernais, sur la Loire. Sancerre
31%
Ville savoyarde dans la vallée de l’Arve, au pied du Mont-Blanc Sallanches
24%
Magnifique cité médiévale pittoresque de Bourgogne, perchée au-dessus de l'Armançon Semur-en-Auxois
20%
Cette cité thermale du Béarn regorge du sel sortant de ses fontaines, qui permet de saler le jambon de Bayonne Salies-de-Béarn
18%
On exploite aussi l'or blanc de cette autre cité thermale du Jura Salins-les-Bains
18%
A mi-chemin entre Paris et Lyon sur l'ex-N6, cette petite ville-étape, passe du Morvan, est célèbre pour son relais gastronomique étoilé et sa basilique romane Saint-Andoche Saulieu
16%
Ancienne place forte stratégique sur la Meuse, où Vauban fit ses premières armes Stenay
8%
Aucun quiz correspondant
Distribution des résultats
% des personnes avec chaque résultat
Percentile par nombre de réponses
Votre historique - résultats
Vous n’avez pas pris ce quiz depuis la dernière actualisation